000 00324nam a2200133Ia 4500
008 150201s2005 xx 000 0 und d
082 _a616.01
_bW05W
100 _aWHO
245 _aWHO MONOGRAPHS ON SELECTED MEDICIAL PLANTS-2
250 _a1ST
260 _bAITBS
_aDELHI
_c2005
650 _aPHARMACOLOGY
942 _2ddc
_cBK
999 _c1124
_d1124